000 01026na a2200217 4500
001 21857
003 MIRAKIL
005 20181213155037.0
008 170208b tu 000 0
040 _aMilas
_btur
_cTR-AnCHP
041 _atur
082 _a351.7222
_bS25i 2007
090 _a351.7222 S25i 2007
110 _aSanayi ve Ticaret Bakanlığı
245 _a2007 mali yılı genel ve katma bütçe kanun tasarıları ile 2005 mali yılı genel ve katma bütçe kesin hesap kanunu tasarılarının plan ve bütçe komisyonu görüşme tutanakları
260 _a[Ankara]
_b[yayl. y.]
_c2006
300 _a91 s.
_c23 sm.
505 _aSanayi ve Ticaret Bakanlığı, Rekabet Kurumu, Milli Produktivite Merkezi, Küçük ve Orta Ölçekli Sanayi Geliştirme Destekleme İdaresi Başkanlığı, Türk Akreditasyon Kurumu, Türk Standartları Enstitüsü Başkanlığı, Türk Patent Enstitüsü Başkanlığı
610 _aSanayi ve Ticaret Bakanlığı
_xBütçe Komisyonu
_yTutanaklar, 2007
942 _2ddc
_cBKS
999 _c5471
_d5471